[Event "GRE-chT Div-A 38th"]
[Site "Peristeri"]
[Date "2010.07.08"]
[Round "4"]
[White "Zeppos, Panagiotis"]
[Black "Gkougkousis, Nikolaos"]
[Result "1-0"]
[WhiteElo "1886"]
[BlackElo "1657"]
[PlyCount "53"]
[EventDate "2010.07.05"]
[EventType "team-swiss"]
[EventRounds "7"]
[EventCountry "GRE"]
[SourceTitle "CBM 137 Extra"]
[Source "ChessBase"]
[SourceDate "2010.09.01"]
[SourceVersion "1"]
[SourceVersionDate "2010.09.01"]
[SourceQuality "1"]

1. e4 c5 2. Nf3 d6 3. d4 cxd4 4. Nxd4 a6 5. Nc3 e6 6. g4 Nc6 7. Be3 Be7 8. Bg2 Nxd4 9. Bxd4 Bf6 10. h3 Ne7 11. Qd2 Ng6 12. Bxf6 gxf6 13. 0-0-0 Ke7 14. h4 Qb6 15. f4 Rd8 16. h5 Nf8 17. Rhe1 Bd7 18. g5 Bc6 19. gxf6+ Kxf6 20. e5+ dxe5 21. fxe5+ Ke7 22. Qg5+ Ke8 23. Bxc6+ Qxc6 24. Rxd8+ Rxd8 25. Ne4 Nd7 26. Nd6+ Kf8 27. Qxd8+ 1-0

[Event "GRE-chT Div-A 38th"]
[Site "Peristeri"]
[Date "2010.07.06"]
[Round "2"]
[White "Gkougkousis, Nikolaos"]
[Black "Palaskos, Marios"]
[Result "0-1"]
[WhiteElo "1657"]
[BlackElo "1576"]
[PlyCount "56"]
[EventDate "2010.07.05"]
[EventType "team-swiss"]
[EventRounds "7"]
[EventCountry "GRE"]
[SourceTitle "CBM 137 Extra"]
[Source "ChessBase"]
[SourceDate "2010.09.01"]
[SourceVersion "1"]
[SourceVersionDate "2010.09.01"]
[SourceQuality "1"]

1. e4 d5 2. exd5 Qxd5 3. Nc3 Qd6 4. d3 Nf6 5. Be2 a6 6. h3 e5 7. Nf3 Be7 8. Be3 Nc6 9. a3 h6 10. Qd2 Be6 11. Nh2 Nd5 12. Ne4 Qd7 13. Bc5 0-0-0 14. Be3 Nxe3 15. fxe3 f5 16. Nf2 Bc5 17. b4 Bb6 18. Nd1 Qe7 19. Bf1 Rhf8 20. c3 Qh4+ 21. Ke2 e4 22. Nb2 exd3+ 23. Nxd3 Bc4 24. Nf3 Qe4 25. Nfe1 Ne5 26. Rd1 Nxd3 27. Nxd3 Rxd3 28. Qxd3 Qxe3# 0-1

[Event "Athens Glyfada op"]
[Site "Athens"]
[Date "2009.12.29"]
[Round "6"]
[White "Gkougkousis, Nikolaos"]
[Black "Mouratidis, Haralambos"]
[Result "1/2-1/2"]
[WhiteElo "1650"]
[BlackElo "1857"]
[PlyCount "69"]
[EventDate "2009.12.23"]
[EventType "swiss"]
[EventRounds "9"]
[EventCountry "GRE"]
[SourceTitle "CBM 134 Extra"]
[Source "ChessBase"]
[SourceDate "2010.03.03"]
[SourceVersion "1"]
[SourceVersionDate "2010.03.03"]
[SourceQuality "1"]

1. e4 d5 2. exd5 Nf6 3. c4 c6 4. dxc6 Nxc6 5. Nf3 e5 6. d3 e4 7. dxe4 Qxd1+ 8. Kxd1 Nxe4 9. Be3 Bg4 10. a3 Bc5 11. Ke1 Bxe3 12. fxe3 a5 13. Nbd2 Nxd2 14. Nxd2 0-0 15. Be2 Bxe2 16. Kxe2 Rfe8 17. Nf3 Re4 18. Nd2 Re6 19. Kf2 Ne5 20. h3 Rd8 21. Ke2 Nc6 22. Nf3 Rde8 23. Kf2 Rxe3 24. Rae1 Rxe1 25. Rxe1 Kf8 26. Rxe8+ Kxe8 27. Ke3 Kd7 28. Ng5 f6 29. Ne4 b6 30. b3 h5 31. Nc3 Ne7 32. Ke4 Kd6 33. Nb5+ Kc5 34. Nd4 h4 35. Kd3 1/2-1/2

[Event "GRE-chT 37th"]
[Site "Kallithea"]
[Date "2009.07.09"]
[Round "9"]
[White "Papavlasopoulos, Dimitrios"]
[Black "Gkougkousis, Nikolaos"]
[Result "0-1"]
[WhiteElo "1426"]
[BlackElo "1666"]
[PlyCount "136"]
[EventDate "2009.07.03"]
[EventType "team-tourn"]
[EventRounds "9"]
[EventCountry "GRE"]
[SourceTitle "CBM 131 Extra"]
[Source "ChessBase"]
[SourceDate "2009.09.03"]
[SourceVersion "2"]
[SourceVersionDate "2009.09.16"]
[SourceQuality "1"]

1. d4 Nf6 2. c4 e6 3. Nc3 Bb4 4. Nf3 Bxc3+ 5. bxc3 d6 6. Bg5 Nbd7 7. e3 0-0 8. Bd3 Qe8 9. Rb1 e5 10. Bc2 b6 11. 0-0 Ba6 12. Nd2 e4 13. Ba4 Qe6 14. Bc6 Rab8 15. Qa4 Bb7 16. Bxd7 Qxd7 17. Qxa7 Ra8 18. Qxb7 Rfb8 19. Qxb8+ Rxb8 20. Bxf6 gxf6 21. Nxe4 Qe6 22. Nd2 Ra8 23. Rb2 Ra3 24. Rc2 f5 25. Rb1 Qg6 26. Rb3 Rxb3 27. axb3 f4 28. e4 f3 29. g3 Qg4 30. Kf1 Qh3+ 31. Ke1 Qxh2 32. Nxf3 Qh1+ 33. Ke2 Qb1 34. Ne1 Qxb3 35. Kd3 Qb1 36. Kd2 Kg7 37. Ke2 Kg6 38. Kd2 Kg5 39. Nf3+ Kg4 40. Ne1 Kh3 41. Nd3 Kg2 42. Rb2 Qa1 43. Rc2 Qa6 44. c5 bxc5 45. dxc5 dxc5 46. Ke3 Kh3 47. Ne5 f6 48. Nd7 Qd6 49. Rd2 Qe7 50. Rd3 f5 51. e5 Qg5+ 52. Kf3 Qg4+ 53. Ke3 Kg2 54. Nf6 Qf3+ 55. Kd2 Qxf2+ 56. Kd1 Qf1+ 57. Kd2 c4 58. Re3 f4 59. Re2+ Kxg3 60. e6 f3 61. Ne4+ Kf4 62. Re3 Qg2+ 63. Ke1 Kxe3 64. Kd1 Kxe4 65. e7 Qg8 66. Ke1 Kd3 67. Kf2 Qg2+ 68. Ke1 Qe2# 0-1